LIFCO's business, commerce, industry & office manual : how to manage and how to serve in any capacity and under all circumstances : (Record no. 136168)
[ view plain ]
| 000 -LEADER | |
|---|---|
| fixed length control field | 00734nam a22001817a 4500 |
| 010 ## - LIBRARY OF CONGRESS CONTROL NUMBER | |
| LC control number | 236470 |
| 035 ## - SYSTEM CONTROL NUMBER | |
| System control number | 236470 |
| 037 ## - SOURCE OF ACQUISITION | |
| Stock number | Cen Lib/Ret |
| 040 ## - CATALOGING SOURCE | |
| Original cataloging agency | DPL |
| Language of cataloging | EN |
| 082 ## - DEWEY DECIMAL CLASSIFICATION NUMBER | |
| Classification number | 651 |
| Item number | LIF |
| 245 ## - TITLE STATEMENT | |
| Title | LIFCO's business, commerce, industry & office manual : how to manage and how to serve in any capacity and under all circumstances : |
| Remainder of title | A practical guide to working of shops, offices, mills, factories, etc. of the public and private sectors / |
| 260 ## - PUBLICATION, DISTRIBUTION, ETC. (IMPRINT) | |
| Place of publication, distribution, etc | Madras |
| Name of publisher, distributor, etc | Little Flower Co |
| Date of publication, distribution, etc | 1963 |
| 300 ## - PHYSICAL DESCRIPTION | |
| Extent | xvi, A-462p |
| Other physical details | 24cm(Hb) |
| 650 ## - SUBJECT ADDED ENTRY--TOPICAL TERM | |
| Topical term or geographic name as entry element | Industrial management -- India. |
| 9 (RLIN) | 112723 |
| 650 ## - SUBJECT ADDED ENTRY--TOPICAL TERM | |
| Topical term or geographic name as entry element | Office management. |
| 9 (RLIN) | 19428 |
| 650 ## - SUBJECT ADDED ENTRY--TOPICAL TERM | |
| Topical term or geographic name as entry element | Commercial correspondence -- India. |
| 9 (RLIN) | 112724 |
| 942 ## - ADDED ENTRY ELEMENTS (KOHA) | |
| Source of classification or shelving scheme | Dewey Decimal Classification |
| Koha item type | English Books |
| Classification part | 651 |
| Call number suffix | LIF |
| Withdrawn status | Lost status | Damaged status | Not for loan | Home library | Current library | Date acquired | Source of acquisition | Total Checkouts | Full call number | Barcode | Date last seen | Copy number | Price effective from | Koha item type |
|---|---|---|---|---|---|---|---|---|---|---|---|---|---|---|
| Central Library | Central Library | 23/12/2015 | Cen Lib/Ret | 651 LIF | 236470 | 23/12/2015 | 1 | 23/12/2015 | English Books |
